000 00729nam a2200241Ia 4500
008 200601s9999 xx 000 0 und d
020 _a978-1-68094-889-9
050 _aMAIN GV 1471
050 _b.T44 2018
245 0 _aTheory, practice and techniques in event entertainment and production /
245 0 _cauthored and edited by 3G E-learning.
260 _aNew York :
260 _b3G E-learning,
260 _c2018
300 _a304 pages :
300 _bcolor illustrations ;
300 _c23 cm.
440 _a3G E-learning
500 _aIncludes bibliographical references and index.
650 _aBusiness entertainment.
650 _aEntertaining -- Planning.
650 _xSpecial events -- Planning.
999 _c363201
_d363201